Philosophy of history and the problem of values/ (Record no. 178823)
[ view plain ]
| 000 -LEADER | |
|---|---|
| fixed length control field | 00742 a2200181 4500 |
| 003 - CONTROL NUMBER IDENTIFIER | |
| control field | Nust |
| 005 - DATE AND TIME OF LATEST TRANSACTION | |
| control field | 20230130125432.0 |
| 040 ## - CATALOGING SOURCE | |
| Transcribing agency | Nust |
| 082 ## - DEWEY DECIMAL CLASSIFICATION NUMBER | |
| Classification number | 910,STE |
| 100 ## - MAIN ENTRY--PERSONAL NAME | |
| Personal name | : Stern, Alfred, |
| 9 (RLIN) | 108043 |
| 245 ## - TITLE STATEMENT | |
| Title | Philosophy of history and the problem of values/ |
| Statement of responsibility, etc. | Stern, Alfred, |
| 260 ## - PUBLICATION, DISTRIBUTION, ETC. | |
| Place of publication, distribution, etc. | Islamabad |
| Name of publisher, distributor, etc. | National Book Foundation |
| 300 ## - PHYSICAL DESCRIPTION | |
| Extent | 247 |
| 505 ## - FORMATTED CONTENTS NOTE | |
| Formatted contents note | The New Historical Sense (Page-9), Historical Reality (Page-17), The Philosophy of History (Page-39), Historical Knowledge and Values (Page-100), Historicism, Natural Right and Values (Page-138), The Limits of Historicism (Page-182), Historical Project and Values (Page-202). |
| 600 ## - SUBJECT ADDED ENTRY--PERSONAL NAME | |
| Personal name | Stern, Alfred, |
| 9 (RLIN) | 108044 |
| 650 ## - SUBJECT ADDED ENTRY--TOPICAL TERM | |
| Topical term or geographic name entry element | Philsophy of History |
| 9 (RLIN) | 108045 |
| 942 ## - ADDED ENTRY ELEMENTS (KOHA) | |
| Source of classification or shelving scheme | |
| Koha item type | Book |
| Withdrawn status | Lost status | Source of classification or shelving scheme | Damaged status | Not for loan | Permanent Location | Current Location | Shelving location | Date acquired | Full call number | Barcode | Date last seen | Price effective from | Koha item type | Public note |
|---|---|---|---|---|---|---|---|---|---|---|---|---|---|---|
| Military College of Signals (MCS) | Military College of Signals (MCS) | General Stacks | 12/12/2016 | 910,STE | MCS34441 | 12/08/2016 | 12/12/2016 | Book | Almirah No.58, Shelf No.5 | |||||
| Military College of Signals (MCS) | Military College of Signals (MCS) | General Stacks | 12/12/2016 | 910,STE | MCS34442 | 12/08/2016 | 12/12/2016 | Book | Almirah No.75, Shelf No.5 |
